[Event "Arco op 37th"]
[Site "Arco"]
[Date "2015.10.14"]
[Round "5"]
[White "Russo, Cataldo"]
[Black "Antoniacci, Ricardo"]
[Result "1-0"]
[WhiteElo "1619"]
[BlackElo "1847"]
[PlyCount "77"]
[EventDate "2015.10.10"]
[EventType "swiss"]
[EventRounds "9"]
[EventCountry "ITA"]
[SourceTitle "CBM 168 Extra"]
[Source "ChessBase"]
[SourceDate "2015.10.29"]
[SourceVersion "1"]
[SourceVersionDate "2015.10.29"]
[SourceQuality "1"]

1. d4 Nf6 2. c4 e6 3. Nf3 c5 4. d5 exd5 5. cxd5 d6 6. g3 g6 7. Nc3 Bg7 8. Bg2 0-0 9. 0-0 Re8 10. Re1 Nbd7 11. Qc2 a6 12. Bf4 Nb6 13. Bg5 h6 14. Bxf6 Qxf6 15. Rad1 Qe7 16. e4 Nc4 17. a3 b5 18. h3 Qf6 19. Rd3 Bd7 20. Re2 Rac8 21. Nd1 Ne5 22. Nxe5 Qxe5 23. Kh2 b4 24. Ne3 Bb5 25. Nc4 Qe7 26. a4 Bd7 27. f4 f5 28. e5 dxe5 29. d6 Qf8 30. fxe5 f4 31. Rf3 fxg3+ 32. Rxg3 Bf5 33. Bd5+ Kh8 34. Qd2 Rcd8 35. Bc6 Be6 36. Rf2 Qg8 37. Bxe8 Bxc4 38. Bxg6 Bxe5 39. Qxh6+ 1-0